| 000 | 01276nam a2200433 a 4500 | ||
|---|---|---|---|
| 001 | 22343 | ||
| 003 | VRT | ||
| 005 | 20260326144220.0 | ||
| 008 | 160720s2015 xo d 000 f slo d | ||
| 020 | _a9788081640674 (viaz.) | ||
| 035 | _aa000565445 | ||
| 039 | 9 |
_a201610190854 _bdrlickoj _c201610140918 _dpechova _c201607200941 _ddragulova _c201607200938 _ddragulova |
|
| 040 |
_aPPPK _bslo _cUKB _eAACR2 |
||
| 041 | 0 | _aslo | |
| 044 |
_axo _cSK |
||
| 072 | 7 |
_a821.162.4-3 _xSlovenská próza _2konspekt |
|
| 080 |
_a821.162.4-31 _22004 |
||
| 080 |
_a(0:82-31) _22004 |
||
| 100 | 1 |
_aOndriová, Ivana, _d1981- |
|
| 245 | 1 | 0 |
_aNebezpečne očarená _bjedného dňa sa nevinná hra červenovlásky Mel s citmi mužov zmení na skutočnú drámu _cIvana Ondriová |
| 250 | _a1. vyd. | ||
| 260 |
_a[Bratislava] _bMotýľ _c2015 |
||
| 300 | _a285, [1] s. | ||
| 653 | _a821.162.4-31 | ||
| 653 | _a(0:82-31) | ||
| 655 | 7 |
_aslovenské romány _2UKBPH |
|
| 910 | _apppk | ||
| 910 | _apokpoh | ||
| 910 | _asllk | ||
| 910 | _ahevk | ||
| 910 | _avthk | ||
| 910 | _askpk | ||
| 910 | _asnk | ||
| 910 | _attkjf | ||
| 910 | _aukb | ||
| 942 |
_2ddc _cKLDO _n0 |
||
| 949 |
_61800699115 _aSJ.D.07260 _bPV.2016-9531 |
||
| 949 |
_61800699116 _aSK.D.74364 _bPV.2016-9532 _s6707:20161024 |
||
| 999 |
_c22343 _d22343 |
||